书目信息 |
| 题名: |
转型时期中国政府利益研究
|
|
| 作者: | 王颖 著 | |
| 分册: | ||
| 出版信息: | 沈阳 东北大学出版社 2014 |
|
| 页数: | 187页 | |
| 开本: | 23cm | |
| 丛书名: | ||
| 单 册: | ||
| 中图分类: | D630.1 | |
| 科图分类: | ||
| 主题词: | 国家行政机关--利益--研究--中国 | |
| 电子资源: | ||
| ISBN: | 978-7-5517-0751-0 | |
| 000 | 01183nam0 2200253 450 | |
| 001 | 338201 | |
| 005 | 20150601163326.53 | |
| 010 | @a978-7-5517-0751-0@dCNY36.00 | |
| 100 | @a20150127d2014 kemy0chiy50 ea | |
| 101 | 0 | @achi@deng |
| 102 | @aCN@b210000 | |
| 105 | @ay v 000yy | |
| 106 | @ar | |
| 200 | 1 | @a转型时期中国政府利益研究@Azhuan xing shi qi zhong guo zheng fu li yi yan jiu@d= Research on the interests of Chinese government during social transition@f王颖著@zeng |
| 210 | @a沈阳@c东北大学出版社@d2014 | |
| 215 | @a187页@d23cm | |
| 300 | @a东北大学公共管理博士文库/娄成武主编 教育部战略研究基地(培育):东北大学科技政策中心的阶段性研究成果 教育部人文社会科学研究规划基金/青年基金研究成果 | |
| 330 | @a本书共八章, 内容包括: 政府利益及相关概念厘定及辨析, 政府利益研究的理论基础, 中国政府利益凸显的客观环境, 转型时期中国政府利益的双维结构, 转型时期中国政府利益现实表现及实现方式等。 | |
| 510 | 1 | @aResearch on the interests of Chinese government during social transition@zeng |
| 606 | 0 | @a国家行政机关@x利益@x研究@y中国 |
| 690 | @aD630.1@v5 | |
| 701 | 0 | @a王颖@Awang ying@c(女, 管理学, @f1976)@4著 |
| 801 | 0 | @aCN@b卓展宏图@c20150525 |
| 905 | @dD630.1@e213@f4 | |
| 转型时期中国政府利益研究= Research on the interests of Chinese government during social transition/王颖著.-沈阳:东北大学出版社,2014 |
| 187页;23cm |
| 东北大学公共管理博士文库/娄成武主编 教育部战略研究基地(培育):东北大学科技政策中心的阶段性研究成果 教育部人文社会科学研究规划基金/青年基金研究成果 |
| ISBN 978-7-5517-0751-0:CNY36.00 |
| 本书共八章, 内容包括: 政府利益及相关概念厘定及辨析, 政府利益研究的理论基础, 中国政府利益凸显的客观环境, 转型时期中国政府利益的双维结构, 转型时期中国政府利益现实表现及实现方式等。 |
| ● |
| 相关链接 |
|
|
|
|
正题名:转型时期中国政府利益研究
索取号:D630.1/213
 
预约/预借
| 序号 | 登录号 | 条形码 | 馆藏地/架位号 | 状态 | 备注 |
| 1 | 861237 | 208612376 | 第一样本阅览室/ [索取号:D630.1/213] | 在馆 | |
| 2 | 861238 | 208612385 | 第一借阅区/ [索取号:D630.1/213] | 在馆 | |
| 3 | 861239 | 208612394 | 第一借阅区/ [索取号:D630.1/213] | 在馆 | |
| 4 | 861240 | 208612401 | 第一借阅区/ [索取号:D630.1/213] | 在馆 |